Cuestiones de Actualidad Jurd̕ica y Social en el Ecuador

Detalles Bibliográficos
Autor principal: Caldern̤ Tello, Lyonel
Formato: eBook
Lenguaje:español
Publicado: Barcelona: J.M. Bosch Editor, 2020
Materias:
Acceso en línea:Acceso restringido

MARC

LEADER 00000nam a22000007a 4500
005 20220421214950.0
007 cr|||| ||||
008 220421s2020 ec |||||s|||| 00||0 spa d
020 |a 978-84-121751-4-1 
035 |a 35560 
040 |a vLex 
090 |c 13226  |d 13226 
100 1 |a Caldern̤ Tello, Lyonel 
245 1 0 |a Cuestiones de Actualidad Jurd̕ica y Social en el Ecuador  |h [Recurso electrn̤ico] /  |c Lyonel Caldern̤ Tello 
256 |a Servicio en ln̕ea 
260 |a Barcelona:  |b J.M. Bosch Editor,  |c 2020 
300 |a 1 recurso electrn̤ico 
500 |a ±El trabajo que se presenta constituye en gran parte, los resultados del I Curso de Investigacin̤ Jurd̕ica (Dogmt̀ica Jurd̕ica) para los Docentes e Investigadores, impartido en la Facultad de Jurisprudencia y Ciencias Sociales y Polt̕icas de la Universidad de Guayaquil, en el primer ciclo del curso acadm̌ico 2019-2020... En efecto, el trabajo constituye, por un lado, una recopilacin̤ de los trabajos que los docentes que participaron en el Curso presentaron a la ? nalizacin̤ de este y que fuera elaborado con base en las recomendaciones metodolg̤icas y dogmt̀icas puestas a consideracin̤ de los asistentes; por otro lado, en esta obra tambiň se incluyen los trabajos de profesores y juristas de la localidad que en apoyo a la iniciativa han querido remitir alguno de sus trabajos. La obra est ̀intitulada como ±Cuestiones de Actualidad Jurd̕ica y Social en el Ecuador», porque en ella encontrarǹ los lectores, atencin̤ a varios de los temas jurd̕icos y sociales que se debaten en el Ecuador. Las propuestas de los docentes se estructuran en torno a las diversas y variadas formas que existen para la atencin̤ de las diferentes materias, en algunos casos se presentan soluciones, en otros, el estado de la cuestin̤, en otros se expone el debate. Tambiň existen propuestas metodolg̤icas. Lo importante est ̀en destacar que se trata de un trabajo docente inďito e inspirador, que probablemente representa el nacimiento o renacimiento de la cultura investigativa dentro de nuestra Facultad...». 
506 1 |a Disponible solo en los productos indicados  |d vLex Global  |d vLex Global (Academic Edition, excluding Law Schools)  |d vLex Global (U.S. Academic Edition, Law Schools)  |d vLex Global (U.S. Academic Edition, excluding Law Schools)  |d vLex Global (Academic Edition, Law Schools) 
650 0 4 |a Derecho Pb︢lico y Administrativo  |z Ecuador 
650 0 4 |a Derecho Constitucional  |z Ecuador 
740 0 |a vLex Libros (Servicio en ln̕ea) 
856 4 0 |u https://app.vlex.com/#/sources/35560  |z Acceso restringido 
942 |c BOOK 
999 0 |a Public and Administrative Law 
999 0 |a Constitutional Law